Riconosci lo Stato - Quiz n°28 - Statistics

Statistiche generali
  • Questo quiz è stato fatto 49 volte
  • Il punteggio medio è 12 su 13
Statistiche sulle risposte
Indizio Risposta % Corretto
Indipendenza 6 dicembre 1922 dal Regno Unito
98%
Valuta Euro
98%
Presidente della Repubblica Michael D. Higgins
98%
Fuso Orario UTC+0 in estate UTC+1
98%
Popolazione 4 761 865 ab.
95%
Superficie 70 273 km²
95%
Iniziale della Capitale D
95%
Taoiseach Leo Varadkar
95%
Forma di Governo Repubblica parlamentare
95%
ISU 0,945
90%
PIL (nominale) 498 000 milioni di $
90%
Risposta Irlanda
88%
Tasso di crescita 1,112%
83%
Nessun quiz corrispondente trovato
Distribuzione punteggi
Percentuale di utenti per punteggio
Percentile per numero di risposta
I tuoi punteggi nel tempo
Non hai fatto questo quiz